| 000 | 00809nam a2200313 a 4500 | ||
|---|---|---|---|
| 003 | AR-BaBNM | ||
| 005 | 20251128203721.0 | ||
| 008 | 082120s2002 ||||||||||||||000 | spa|| | ||
| 040 | _cAR-BaBNM | ||
| 100 | 1 | _aFrench, Warren | |
| 245 | 0 | 0 | _aJohn Steinbeck |
| 260 |
_aBuenos Aires _bPleamar _c1974 |
||
| 300 | _a238 p. | ||
| 490 | 0 | _aProtagonistas literarios | |
| 500 | _aContiene referencias bibliográficas en p. 231 | ||
| 650 | 4 | _aCRITICA LITERARIA | |
| 650 | 4 | _aLITERATURA ESTADOUNIDENSE | |
| 650 | 4 | _aREALISMO | |
| 650 | 4 | _aBIOGRAFIAS | |
| 650 | 4 | _aLITERATURA EXTRANJERA | |
| 650 | 4 | _aESCRITORES | |
| 653 | _aESTUDIOS LITERARIOS | ||
| 653 | _aNOVELA SOCIAL | ||
| 653 | _aNARRATIVA | ||
| 655 | _aLITERATURA | ||
| 700 | 1 |
_aMirlas, León _etraductor |
|
| 942 | _cBK | ||
| 998 | _cMARTIN | ||
| 999 |
_c4619 _d4619 |
||